000
00333nam a22001457a 4500
003
SGT
082
_a
616.5
_b
D16S
100
_a
SEHGAL, VERENDRA N.
245
_a
DIAGNOSES AND TREATMENT OF COMMON SKIN DISEASES
250
_a
5TH
260
_a
INDIA
_b
JAYPEE
_c
2016
300
_a
352
650
_a
DERMATOLOGY
942
_2
ddc
_c
BK
999
_c
14607
_d
14607